[Event "Einhausen op"]
[Site "Einhausen"]
[Date "2009.??.??"]
[Round "6"]
[White "Golf, Ekkehard"]
[Black "Kraus, Josef"]
[Result "1-0"]
[WhiteElo "2205"]
[BlackElo "2090"]
[PlyCount "53"]
[EventDate "2009.??.??"]
[EventType "swiss"]
[EventRounds "7"]
[EventCountry "GER"]
[SourceTitle "EXT 2011"]
[Source "ChessBase"]
[SourceDate "2010.11.26"]
[SourceVersion "1"]
[SourceVersionDate "2010.11.26"]
[SourceQuality "1"]

1. e4 e5 2. Nf3 Nf6 3. Nxe5 d6 4. Nf3 Nxe4 5. Nc3 Nxc3 6. dxc3 Be7 7. Qd4 0-0 8. Bd3 Nd7 9. Be3 Nc5 10. 0-0-0 Nxd3+ 11. Qxd3 c6 12. Kb1 Qa5 13. h4 Bf5 14. Qe2 Rfe8 15. Nd4 Bd7 16. Qd3 d5 17. h5 Qd8 18. Rdg1 Be6 19. g4 c5 20. Nf5 Bf8 21. Nh4 Be7 22. g5 Rf8 23. f4 f5 24. gxf6 Rxf6 25. f5 c4 26. Qd4 Bc8 27. h6 1-0

[Event "Einhausen op"]
[Site "Einhausen"]
[Date "2009.??.??"]
[Round "5"]
[White "Kraus, Josef"]
[Black "Villwock, Martin"]
[Result "1/2-1/2"]
[WhiteElo "2090"]
[BlackElo "2250"]
[PlyCount "82"]
[EventDate "2009.??.??"]
[EventType "swiss"]
[EventRounds "7"]
[EventCountry "GER"]
[SourceTitle "EXT 2011"]
[Source "ChessBase"]
[SourceDate "2010.11.26"]
[SourceVersion "1"]
[SourceVersionDate "2010.11.26"]
[SourceQuality "1"]

1. e4 c5 2. c3 Nf6 3. e5 Nd5 4. d4 cxd4 5. cxd4 g6 6. Nc3 Nxc3 7. bxc3 Bg7 8. Nf3 0-0 9. Be2 d6 10. exd6 Qxd6 11. 0-0 Nc6 12. Be3 Rd8 13. Rc1 Be6 14. Qa4 a6 15. Rfd1 b5 16. Qc2 Rac8 17. a4 Na5 18. Nd2 Nc4 19. axb5 axb5 20. Qb1 Nxe3 21. fxe3 Bh6 22. Nf1 Bc4 23. Bxc4 bxc4 24. Rc2 e5 25. Rcd2 Qa3 26. Qb2 Qa7 27. Ra1 Qc7 28. Rad1 Rb8 29. Qc2 exd4 30. Rxd4 Re8 31. Qe2 Rbc8 32. Qf3 Re7 33. Re4 Rce8 34. Rxe7 Qxe7 35. Rd4 Qe6 36. Qe2 Rc8 37. Qd2 Bg5 38. Rd6 Qe7 39. Rd7 Qe6 40. Rd6 Qe7 41. Rd7 Qe6 1/2-1/2

[Event "Unterfranken-ch M1 45th"]
[Site "Oberweissenbrunn"]
[Date "1994.??.??"]
[Round "2"]
[White "Kraus, Josef"]
[Black "Mock, Stefan"]
[Result "1-0"]
[WhiteElo "2084"]
[BlackElo "1987"]
[PlyCount "75"]
[EventDate "1994.04.04"]
[EventType "swiss"]
[EventRounds "9"]
[EventCountry "GER"]
[SourceTitle "EXT 2015"]
[Source "ChessBase"]
[SourceDate "2014.11.20"]
[SourceVersion "1"]
[SourceVersionDate "2014.11.20"]
[SourceQuality "1"]

1. e4 c5 2. c3 d5 3. exd5 Qxd5 4. d4 Nc6 5. Nf3 Bg4 6. Be2 cxd4 7. cxd4 e6 8. Nc3 Bb4 9. 0-0 Qd7 10. d5 exd5 11. Nxd5 Bd6 12. Nd4 h5 13. Nb5 Rd8 14. Re1 Kf8 15. Bg5 f6 16. Bf4 Bxf4 17. Nxf4 Qf5 18. Qa4 g5 19. Bxg4 Qxf4 20. Qxf4 gxf4 21. Bf3 Ne5 22. Rad1 Nxf3+ 23. gxf3 Rxd1 24. Rxd1 a6 25. Nc7 Kf7 26. Rd7+ Ne7 27. Nd5 Ke6 28. Rxe7+ Kxd5 29. Rxb7 Rc8 30. Rb6 h4 31. Kg2 Rc2 32. Rxf6 Rxb2 33. Rxa6 h3+ 34. Kxh3 Rxf2 35. Kg4 Rxh2 36. Kxf4 Rh4+ 37. Kf5 Kc5 38. Ke6 1-0

[Event "Unterfranken-ch M1 45th"]
[Site "Oberweissenbrunn"]
[Date "1994.??.??"]
[Round "8"]
[White "Kraus, Josef"]
[Black "Neubert, Marcus"]
[Result "0-1"]
[WhiteElo "2084"]
[BlackElo "2091"]
[PlyCount "120"]
[EventDate "1994.04.04"]
[EventType "swiss"]
[EventRounds "9"]
[EventCountry "GER"]
[SourceTitle "EXT 2015"]
[Source "ChessBase"]
[SourceDate "2014.11.20"]
[SourceVersion "1"]
[SourceVersionDate "2014.11.20"]
[SourceQuality "1"]

1. e4 c5 2. c3 d5 3. exd5 Qxd5 4. d4 Nf6 5. Nf3 Bg4 6. Be2 e6 7. 0-0 cxd4 8. cxd4 Be7 9. Nc3 Qd7 10. Ne5 Bxe2 11. Qxe2 Qc8 12. Bg5 0-0 13. Rac1 Qd8 14. Rfd1 Nc6 15. Qb5 Rb8 16. Bf4 Bd6 17. Bg5 Be7 18. b3 Nd5 19. Bxe7 Ncxe7 20. Ne4 Nf5 21. Ng3 Nd6 22. Qd7 Nb6 23. Qxd8 Rfxd8 24. Rc5 Nd5 25. Rdc1 Nf4 26. R1c2 f6 27. Nf3 Rd7 28. Ne2 Nd5 29. Nc3 Nb4 30. Rd2 b6 31. Rh5 Rc8 32. Ne2 Nd5 33. Ne1 Rdc7 34. Rh3 Ne4 35. Rb2 Nb4 36. g4 Nd5 37. Kg2 Nec3 38. Rf3 Nxe2 39. Rxe2 Kf7 40. h4 Rc3 41. Rd2 Ke7 42. Rb2 b5 43. Rxc3 Rxc3 44. Rd2 Nf4+ 45. Kg1 b4 46. Nc2 Rd3 47. Rxd3 Nxd3 48. a3 bxa3 49. Nxa3 Nc1 50. b4 Ne2+ 51. Kg2 Nxd4 52. Kg3 e5 53. f4 Ke6 54. fxe5 fxe5 55. Kf2 Nc6 56. Nc2 Kd5 57. Ne3+ Ke4 58. Nf5 g6 59. Nd6+ Kf4 60. g5 Nxb4 0-1